|
|
|
|
| LEADER |
00000naa2a2200000 4500 |
| 001 |
180301 |
| 005 |
20231215144650.0 |
| 035 |
|
|
|a (RuTPU)RU\TPU\book\195453
|
| 090 |
|
|
|a 180301
|
| 100 |
|
|
|a 20100513d2007 k y0rusy50 ca
|
| 101 |
0 |
|
|a rus
|
| 102 |
|
|
|a RU
|
| 200 |
1 |
|
|a К вопросу об изучении элементного состава человека
|f Т. Н. Игнатова
|g науч. рук. Н. В. Барановская
|
| 320 |
|
|
|a Библиогр.: 6 назв.
|
| 463 |
|
0 |
|0 (RuTPU)RU\TPU\book\140171
|y 5-89503-079-3
|t Проблемы геологии и освоения недр
|o [сборник]
|o труды XI международного симпозиума имени академика М. А. Усова студентов и молодых учёных, посвященного 80-летию академика, Президента международного горного конгресса, Лауреата государственной премии СССР М. И. Щадову
|f Томский политехнический университет (ТПУ), Институт геологии и нефтегазового дела
|v С. 582-584
|d 2007
|p 764 с.
|
| 610 |
1 |
|
|a человек
|
| 610 |
1 |
|
|a элементный состав
|
| 610 |
1 |
|
|a химические элементы
|
| 610 |
1 |
|
|a труды учёных ТПУ
|
| 700 |
|
1 |
|a Игнатова
|b Т. Н.
|c геохимик
|c инженер Томского политехнического университета
|f 1986-
|g Татьяна Николаевна
|3 (RuTPU)RU\TPU\pers\26170
|
| 702 |
|
1 |
|a Барановская
|b Н. В.
|c геохимик
|c профессор Томского политехнического университета, доктор биологических наук
|f 1970-
|g Наталья Владимировна
|3 (RuTPU)RU\TPU\pers\26055
|4 727
|9 11894
|
| 801 |
|
1 |
|a RU
|b 63413507
|c 20100513
|
| 801 |
|
2 |
|a RU
|b 63413507
|c 20180312
|g RCR
|
| 942 |
|
|
|c BK
|